000 00559nam a2200181 i 4500
001 95962
003 ES-MaACL
005 20250802222640.0
007 t|
008 050608s1966 sp ||||1| spa d
100 1 _aMacKee, Alexander.
_975248
245 1 0 _aCielo hostil /
_cAlexander Mac Kee; [traducción José Gil-Delgado Crespo].
260 _aMadrid :
_bUriarte,
_c1966.
300 _a328 p., 3 h., 8 lám. ;
_c22 cm.
700 1 _aGil-Delgado Crespo, José Enrique,
_d1944-
_9160882
852 _aES-MaACL
_jC-34384
_bR.64937
999 _c95962
_d95962